Manažer a společenské chování
Spoločenské správanie ako súčasť medziľudskej komunikácie. Požiadavky na chovanie v spoločnosti zahrnuté v zákonníkoch aj v náboženských spisoch. Spoločenský kódex vychádzajúci zo súčasnej spoločenskej potreby. Pravidlá spoločenského správania ako meniaca sa kultúrna a sociálna oblasť spoločenského...
Salvato in:
| Autore principale: | |
|---|---|
| Natura: | Capitolo di libro |
| Lingua: | ceco |
| Soggetti: | |
| Tags: |
Nessun Tag, puoi essere il primo ad aggiungerne!!
|
MARC
| LEADER | 00000naa$a2200000$$$4500 | ||
|---|---|---|---|
| 001 | 0055510 | ||
| 005 | 20231016105825.3 | ||
| 041 | 0 | |a cze | |
| 044 | |a CZ | ||
| 245 | 1 | 0 | |a Manažer a společenské chování |c Vladimír Smejkal |
| 520 | |a Spoločenské správanie ako súčasť medziľudskej komunikácie. Požiadavky na chovanie v spoločnosti zahrnuté v zákonníkoch aj v náboženských spisoch. Spoločenský kódex vychádzajúci zo súčasnej spoločenskej potreby. Pravidlá spoločenského správania ako meniaca sa kultúrna a sociálna oblasť spoločenského života. Desatoro manažérskej spoločenskej hlúposti. | ||
| 610 | 2 | 0 | |a etiketa |
| 610 | 2 | 0 | |a kultúra |
| 610 | 2 | 0 | |a komunikácia |
| 610 | 2 | 0 | |a spoločnosť |
| 610 | 2 | 0 | |a správanie |
| 610 | 2 | 0 | |a vzťahy medziľudské |
| 610 | 2 | 0 | |a manažéri |
| 100 | 1 | |a Smejkal, Vladimír | |